000 00662nam a2200241Ia 4500
003 OSt
005 20220918201306.0
006 a|||||r|||| 00| 0
007 ta
008 220917b |||||||| |||| 00| 0 eng d
024 _a92,943
037 _cTextual
040 _aARTS
_cARTS
_beng
041 _2eng
_aeng
082 _aV1N.N7, M2
100 _aArmstrong David
_997987
245 0 _aRise of the international organisation
_b a short history
260 _aLodnon
_bMacmillan
_c1982
490 _amaking Of teh twentieth century
650 _aHISTORY
942 _hV1N.N7, M2
_cTEXL
_2CC
999 _c216591
_d216591